000
00337nam a22001457a 4500
008
210303b ||||| |||| 00| 0 eng d
020
_a
9780618306169
041
_a
eng
080
_2
6th
_a
510
082
_a
510
100
_a
36
101
_a
MAT
245
_a
Intermediate Algebra with Applications
_c
Aufmann, R. N
942
_2
udc
_c
BK
999
_c
55704
_d
55704